Frritt - Flacc (Registro nro. 15609)

000 -CABECERA
campo de control de longitud fija 01406nam a22002417a 4500
003 - IDENTIFICADOR DEL NÚMERO DE CONTROL
campo de control OSt
005 - FECHA Y HORA DE LA ÚLTIMA TRANSACCIÓN
campo de control 20240617145630.0
008 - DATOS DE LONGITUD FIJA--INFORMACIÓN GENERAL
campo de control de longitud fija 240617b ||||| |||| 00| 0 spa d
020 ## - NÚMERO INTERNACIONAL ESTÁNDAR DEL LIBRO
Número Internacional Estándar del Libro 9789585532649
040 ## - FUENTE DE LA CATALOGACIÓN
Centro/agencia transcriptor CO-Mq BPB
041 ## - CÓDIGO DE LENGUA
Código de lengua del texto/banda sonora o título independiente spa
082 ## - NÚMERO DE LA CLASIFICACIÓN DECIMAL DEWEY
Número de clasificación JC
Número de documento/Ítem VERf
100 ## - ENTRADA PRINCIPAL--NOMBRE DE PERSONA
Nombre de persona Verne, Julio
Fechas asociadas al nombre 1828-1905
Término indicativo de función/relación autor
245 ## - MENCIÓN DE TÍTULO
Título Frritt - Flacc
250 ## - MENCIÓN DE EDICIÓN
Mención de edición Edición especial
264 ## - PRODUCCIÓN, PUBLICACIÓN, DISTRIBUCIÓN, FABRICACIÓN Y COPYRIGHT
Producción, publicación, distribución, fabricación y copyright Bogotá :
Nombre del de productor, editor, distribuidor, fabricante Cangrejo Editores
Fecha de producción, publicación, distribución, fabricación o copyright 2023
300 ## - DESCRIPCIÓN FÍSICA
Extensión 63 páginas
Otras características físicas ilustraciones a color, tapa rustica
Dimensiones 31 cm
490 ## - MENCIÓN DE SERIE
Mención de serie Plan Nacional de Lectura y Escritura Leer es mi Cuento / Ministerio de Cultura
521 ## - NOTA DE PÚBLICO DESTINATARIO
Nota de público destinatario "¡Frritt! ... es el viento que brama, indómito. iFlacc! ... es la lluvia que cae, torrencial".Quien haya quedado encantado con los clásicos romances de aventura de JULIO VERNE se sorprenderá con la versatilidad de estilo y la precisión narrativa del autor en este cuento fantástico, prácticamente desconocido por sus lectores. En una ciudad de extraño nombre, apiñada entre un volcán en actividad y el mar de Megalocride, en donde la furia de la naturaleza asusta menos que las revelaciones sobre el carácter del médico local, el avaro doctor Trifulgas. Frritt-Flacc se presenta, en esta edición, con fabulosas ilustraciones del artista plástico ALEXANDRE CAMANHO.
650 ## - PUNTO DE ACCESO ADICIONAL DE MATERIA--TÉRMINO DE MATERIA
Término de materia o nombre geográfico como elemento de entrada Cuentos juveniles franceses
700 ## - PUNTO DE ACCESO ADICIONAL--NOMBRE DE PERSONA
Nombre de persona Camanho, Alexandre
Fechas asociadas al nombre 1972
Término indicativo de función/relación ilustrador
942 ## - ELEMENTOS DE PUNTO DE ACCESO ADICIONAL (KOHA)
Fuente del sistema de clasificación o colocación
Tipo de ítem Koha Libro Literatura
Existencias
Estado de retiro Estado de pérdida Fuente del sistema de clasificación o colocación Estado dañado No para préstamo Código de colección Localización permanente Ubicación/localización actual Ubicación en estantería Fecha de adquisición Fuente de adquisición Número de inventario Total de préstamos Signatura topográfica completa Código de barras Fecha visto por última vez Fecha del último préstamo Número de copia Precio válido a partir de Tipo de ítem Koha Nota pública
          Literatura Juvenil Biblioteca Pública San Juan Bosco Biblioteca Pública San Juan Bosco Literatura 17/06/2024 Dotación PNL 2023 NT 1 JC VERf MOS503816 12/06/2025 24/05/2025 Ej.1 17/06/2024 Libro Literatura Quince dias

© Todos los derechos reservados para la Biblioteca Pública Municipal San Juan Bosco, 2020
Secretaria de Cultura de Mosquera
Carrera 3 N° 10 Esquina Centro Cultural Barrio El Carmén Teléfono: 8270830 Ext: 34
Funcionando con KOHA
Contacto: Biblioteca Pública Municipal San Juan Bosco/ bibliotecasanjuanbosco@mosquera-cundinamarca.gov.co
Mosquera, Cundinamarca